Statistics for Click to Translate - Romanian

Click here to take the quiz!

General Stats

  • This quiz has been taken 2,033 times
  • The average score is 13 of 20

Answer Stats

HintAnswer% Correct
YearAn
87%
WeNoi
86%
SunSoare
86%
BeachPlajă
84%
HappyFericit
80%
FridayVineri
79%
NothingNimic
78%
BrownMaro
71%
EatA mânca
69%
KeyboardTastatură
69%
WhereUnde
67%
AfterDupă
64%
Thank youMulțumesc
64%
HiBună
58%
FlagSteag
54%
ReceiptChitanță
53%
ClockCeas
52%
AppleMăr
52%
GrandfatherBunic
46%
MouthGură
45%

Score Distribution

Percentile by Number Answered

Percent of People with Each Score

Your Score History

You have not taken this quiz